|
|
|
|
| LEADER |
02117nam a2200577 i 4500 |
| 001 |
nkc20203177673 |
| 003 |
CZ PrNK |
| 005 |
20200528102905.0 |
| 007 |
ta |
| 008 |
200224s2020 xr e 000 0dcze |
| 015 |
|
|
|a cnb003177673
|
| 020 |
|
|
|a 978-80-907717-9-6
|q (brožováno)
|
| 035 |
|
|
|a (OCoLC)1200246828
|
| 040 |
|
|
|a OLA001
|b cze
|d ABA001
|e rda
|
| 043 |
|
|
|a e-xr---
|
| 045 |
|
|
|a x-y1
|
| 072 |
|
7 |
|a 78.07
|x Hudebníci, skladatelé a jiná hudební povolání
|2 Konspekt
|9 9
|
| 080 |
|
|
|a 78.03.011.26.071.2
|2 MRF
|
| 080 |
|
|
|a 316.64
|2 MRF
|
| 080 |
|
|
|a 32:316.644
|2 MRF
|
| 080 |
|
|
|a (437.3)
|2 MRF
|
| 080 |
|
|
|a (082)
|2 MRF
|
| 100 |
1 |
|
|a Bartoš, Adam B.,
|d 1980-
|7 osa2014823269
|4 aut
|
| 245 |
1 |
0 |
|a Karel Gott a jeho názory /
|c autoři textů: Adam B. Bartoš, Petr Hannig, Ladislav J. Novotný, -VK-
|
| 250 |
|
|
|a Vydání první
|
| 264 |
|
1 |
|a V Táboře :
|b Knihy ABB s.r.o.,
|c 2020
|
| 300 |
|
|
|a 60 stran ;
|c 21 cm
|
| 336 |
|
|
|a text
|b txt
|2 rdacontent
|
| 337 |
|
|
|a bez média
|b n
|2 rdamedia
|
| 338 |
|
|
|a svazek
|b nc
|2 rdacarrier
|
| 490 |
1 |
|
|a Národovecká knihovnička ;
|v sešit č. 22
|
| 504 |
|
|
|a Obsahuje bibliografické odkazy
|
| 600 |
1 |
7 |
|a Gott, Karel,
|d 1939-2019
|7 jk01032549
|2 czenas
|
| 648 |
|
7 |
|a 20.-21. století
|7 ch462155
|2 czenas
|
| 650 |
0 |
7 |
|a populární zpěváci
|7 ph809850
|z Česko
|y 20.-21. století
|2 czenas
|
| 650 |
0 |
7 |
|a názory a postoje
|7 ph137634
|2 czenas
|
| 650 |
0 |
7 |
|a politické názory a postoje
|7 ph137956
|2 czenas
|
| 650 |
0 |
9 |
|a popular singers
|z Czechia
|y 20th-21st centuries
|2 eczenas
|
| 650 |
0 |
9 |
|a views and attitudes
|2 eczenas
|
| 650 |
0 |
9 |
|a political views and attitudes
|2 eczenas
|
| 655 |
|
7 |
|a sborníky
|7 fd163935
|2 czenas
|
| 655 |
|
9 |
|a miscellanea
|2 eczenas
|
| 700 |
1 |
|
|a Hannig, Petr,
|d 1946-2025
|7 jn20010310404
|4 aut
|
| 700 |
1 |
|
|a Novotný, Ladislav J.
|4 aut
|4 edt
|
| 700 |
0 |
|
|a VK
|c (redaktor)
|7 ola2018999937
|4 aut
|
| 830 |
|
0 |
|a Národovecká knihovnička
|0 s
|
| 910 |
2 |
|
|a BOA001
|b 2-1445.136
|
| 990 |
|
|
|a BK
|
| 995 |
|
|
|a 01
|
| 991 |
|
|
|b 202003
|c NOV
|
| 996 |
6 |
|
|b 2610816699
|c 2-1445.136
|l MZK
|r Sklad / do 1 hodiny
|n 4
|p p.v.
|w 001784559
|u 000010
|a 1
|e BOA001
|j MZK50
|s P
|